000
00519nam a2200181Ia 4500
008
090124s9999 xx 000 0 und d
082
_b
132167
100
_a
सप्रे मधुवंती
245
_a
स्त्रीजातक
250
_a
1
260
_c
2004
300
_a
206
600
_a
सप्रे मधुवंती
630
_a
स्त्रीजातक
700
_a
सप्रे मधुवंती
730
_a
स्त्रीजातक
942
_c
BOOK
999
_c
178256
_d
178256